Summit otvoril SR možnosť dobehnúť prvú skupinu nová stratégia Európskej únie neohrozí proces integrácie

Pozvanie Slovenska na rokovania o vstupe do Európskej únie na Helsinskom summite. Očakávaný štart medzivládnych konferencií. Miera pripravenosti Slovenska na rokovania o vstupe.

Salvato in:
Dettagli Bibliografici
Autore principale: Stavrovská, Ivana
Natura: Capitolo di libro
Lingua:slovacco
Soggetti:
Tags: Aggiungi Tag
Nessun Tag, puoi essere il primo ad aggiungerne!!

MARC

LEADER 00000naa a2200000 4500
001 r036818
005 20230824102211.7
041 0 |a slo 
044 |a SK 
245 1 0 |a Summit otvoril SR možnosť dobehnúť prvú skupinu  |b nová stratégia Európskej únie neohrozí proces integrácie  |c Ivana Stavrovská 
520 |a Pozvanie Slovenska na rokovania o vstupe do Európskej únie na Helsinskom summite. Očakávaný štart medzivládnych konferencií. Miera pripravenosti Slovenska na rokovania o vstupe. 
610 2 0 |a integrácia ekonomická medzinárodná 
610 2 0 |a Európska únia 
610 2 0 |a summity 
100 1 |a Stavrovská, Ivana